गागर में सागर / (Record no. 142702)

MARC details
000 -LEADER
fixed length control field 00780nam a22001937a 4500
005 - DATE AND TIME OF LATEST TRANSACTION
control field 20240116155254.0
010 ## - LCCN (DPL NO)
LC control number HIN-112692
020 ## - INTERNATIONAL STANDARD BOOK NUMBER
Terms of availability 1000.00
035 ## - SYSTEM CONTROL NUMBER
System control number HN-85038
037 ## - SOURCE OF ACQUISITION
Source of stock number/acquisition DBAD/PUB
082 ## - DEWEY DECIMAL CLASSIFICATION NUMBER
Classification number 921
100 ## - MAIN ENTRY--PERSONAL NAME
Personal name वीरेन्द्र प्रभाकर
245 ## - TITLE STATEMENT
Title गागर में सागर /
Statement of responsibility, etc वीरेन्द्र प्रभाकर:हरिसिंह पाल द्वारा संपादित
260 ## - PUBLICATION, DISTRIBUTION, ETC. (IMPRINT)
Place of publication, distribution, etc नई दिल्ली
Name of publisher, distributor, etc चित्र कला संगम
Date of publication, distribution, etc 2016
270 ## - ADDRESS
City नई दिल्ली
300 ## - PHYSICAL DESCRIPTION
Extent 308.पृ.
Dimensions 30 से.मी (सजिल्द)
700 ## - ADDED ENTRY--PERSONAL NAME
Personal name हरिसिंह पाल
9 (RLIN) 60983
942 ## - ADDED ENTRY ELEMENTS (KOHA)
Source of classification or shelving scheme Dewey Decimal Classification
Item type Hindi Books
Classification part 921
Call number suffix प्रभाक
Holdings
Withdrawn status Lost status Not for loan Collection code Home library Current library Date acquired Source of acquisition Cost, normal purchase price Full call number Barcode Copy number Cost, replacement price Koha item type
    Not For Loan Non-fiction D.B.Act.Division D.B.Act.Division 20/07/2017 DBAD/PUB 1000.00 921 गागर HN-85038 1 1000.00 Hindi Books

© Delhi Public Library
Hit Counter
free hit counter